Fotografia básica (Registo nº 198354)

Detalhes MARC
000 -Etiqueta do registo
Valores 00507nam 22001693 4500
100 ## - Dados gerais de processamento
Dados gerais 20251009d u||y0pory50 ba
200 ## - Titulo e menção de responsabilidade
Título próprio Fotografia básica
Informação de outro título introdução à fotografia profissional
Primeira menção de responsabilidade Michael J.Langford
210 ## - Publicação
Local de publicação Lisboa
Nome do editor Dinalivro
Data de publicação 1979
215 ## - Descrição física 
Paginação / Volumes 398 p.
Outras indicações físicas brochado
Dimensões 24 cm
606 ## - Nome comum usado como assunto
Palavra de ordem Fotografia e processos similares
ID Autoridade 4512
675 ## - CDU
Notação 77
Edição PT
Língua por
700 ## - Autor principal (pessoa individual)
ID Autoridade 14312
Apelido Langford
Nome M.J.
801 ## - Fonte de origem
País PT
Agência BMMN
Regras de catalogação RPC
830 ## - Notas gerais do catalogador
Criado por Fernando
Indexado por Fernando
990 ## - Elementos KOHA
Tipo de documento Livro
Exemplares
Situação do levantamento Biblioteca de origem Código de barras Cota Permissão de empréstimo Tipo de documento Forma de aquisição
  Biblioteca Municipal de Montemor-o-Novo 26614 77 LAN|DEP   Livro Compra

Powered by Koha